|
|
|
|
| LEADER |
01427nam a2200337 a 4500 |
| 001 |
EBC3376586 |
| 003 |
MiAaPQ |
| 005 |
20200520144314.0 |
| 006 |
m o d | |
| 007 |
cr cn||||||||| |
| 008 |
910603s1992 dcu sb 000 0 eng |
| 010 |
|
|
|z 91062172
|
| 020 |
|
|
|z 0309045444
|
| 035 |
|
|
|a (MiAaPQ)EBC3376586
|
| 035 |
|
|
|a (Au-PeEL)EBL3376586
|
| 035 |
|
|
|a (CaPaEBR)ebr10056861
|
| 035 |
|
|
|a (OCoLC)923264902
|
| 040 |
|
|
|a MiAaPQ
|c MiAaPQ
|d MiAaPQ
|
| 050 |
|
4 |
|a HD9696.C63
|b U52123 1992
|
| 082 |
0 |
4 |
|a 338.6/048
|2 20
|
| 245 |
0 |
0 |
|a Keeping the U.S. computer industry competitive
|h [electronic resource] :
|b systems integration : a colloquium report /
|c by the Computer Science and Telecommunications Board, Commission on Physical Sciences, Mathematics, and Applications, National Research Council.
|
| 246 |
1 |
|
|a Keeping the US computer industry competitive
|
| 260 |
|
|
|a Washington, D.C. :
|b National Academy Press,
|c 1992.
|
| 300 |
|
|
|a vii, 98 p.
|
| 504 |
|
|
|a Includes bibliographical references.
|
| 533 |
|
|
|a Electronic reproduction. Ann Arbor, MI : ProQuest, 2015. Available via World Wide Web. Access may be limited to ProQuest affiliated libraries.
|
| 650 |
|
0 |
|a Computer industry
|z United States.
|
| 650 |
|
0 |
|a Competition, International.
|
| 655 |
|
4 |
|a Electronic books.
|
| 710 |
2 |
|
|a ProQuest (Firm)
|
| 856 |
4 |
0 |
|u https://ebookcentral.proquest.com/lib/matrademy/detail.action?docID=3376586
|z Click to View
|